000 00630nam a22002057a 4500
003 MPLRDC
005 20220104200726.0
008 210129b ||||| |||| 00| 0 eng d
020 _a978-7-5391-8742-6
082 _a859.9 JJSC v.24
100 _a小熊工作室 GOMDORI CO. 文
245 _a非常气候求生记. 2
_c苟振红 译; 韩贤东 HAN HYUN-DONG 图
250 _a二版17刷
260 _a中国
_b二十一世纪出版社
_c2016
300 _b
490 _a我的第一本科学漫画书: 绝境生存系列
520 _a上架 2017-04-01。
650 _a儿童图画书
942 _cBK
_o859.9 JJSC v.24
999 _c66828
_d66818